000 00376nam a2200157Ia 4500
008 240729s9999 xx 000 0 und d
022 _a1472-6955
245 0 _aBMC Nursing
260 _aUnited Kingdom
260 _bBMC
650 _a Nursing
650 _aMedicine
856 _uhttps://doaj.org/toc/62f4aa9060754aa8a3958d66077ff852
942 _2ddc
942 _cDOAJEJ
999 _c74462
_d74462
945 _a1
_bMadushi Gamage
_c1
_dMadushi Gamage